Statistics for Every Spanish Top Goalscorer per Premier League Season

Click here to take the quiz!

General Stats

  • This quiz has been taken 75 times
  • The average score is 14 of 23

Answer Stats

SeasonPlayerClub(s)Goals% Correct
2010/11Fernando TorresLiverpool/Chelsea10
97%
2007/08Fernando TorresLiverpool24
97%
2008/09Fernando TorresLiverpool14
97%
2009/10Fernando TorresLiverpool18
97%
2020/21Ferran TorresManchester City7
95%
2021/22RodriManchester City7
89%
2016/17Diego CostaChelsea20
86%
2015/16Diego CostaChelsea12
86%
2014/15Diego CostaChelsea20
86%
2012/13MichuSwansea City18
69%
2011/12Mikel ArtetaEverton/Arsenal7
66%
2006/07Mikel ArtetaEverton9
66%
2020/21Rodrigo MorenoLeeds United7
60%
2018/19Ayoze PérezNewcastle United12
58%
2019/20Ayoze PérezLeicester City8
58%
2017/18Álvaro MorataChelsea11
55%
2013/14Álvaro NegredoManchester City9
54%
2005/06Luis GarcíaLiverpool7
43%
2004/05José Antonio ReyesArsenal9
40%
2003/04Iván CampoBolton Wanderers4
15%
2002/03Iván CampoBolton Wanderers2
15%
1992/93NayimTottenham Hotspur3
5%
2001/02YordiBlackburn Rovers2
2%

Score Distribution

Percentile by Number Answered

Percent of People with Each Score

Your Score History

You have not taken this quiz